| 000 | 00421cam a22001337a 4500 | ||
|---|---|---|---|
| 008 | 180718b1952-1959 xxu||||| |||| 00| 0 eng d | ||
| 082 | _aD32x42 M469 | ||
| 100 | _aMedlicott, W.N. | ||
| 245 |
_aEconomic blockade _cby W.N. Medlicott |
||
| 260 |
_aLondon _bHMSO, and Longmans _c1952-1959 |
||
| 300 | _a2v. | ||
| 500 | _aHistory of the Second World War, U.K. Civil Series, 85/- | ||
| 650 | _aWorld War, 1939-45 - Blockades | ||
| 999 |
_c373503 _d373503 |
||